Countries that voted to remove LGBT rights at the United Nations - Statistics

General Stats
  • This quiz has been taken 46 times
  • The average score is 59 of 83
Answer Stats
Hint Answer % Correct
Asia (Taliban would have voted aye) Afghanistan
100%
Asia China
90%
Europe Russia
90%
Africa Egypt
87%
Asia Iran
87%
Asia Iraq
87%
Asia Jordan
85%
Africa Niger
85%
Africa Nigeria
85%
Africa Algeria
82%
Africa Democratic Republic of the Congo
82%
Asia India
82%
Asia Pakistan
82%
Africa Morocco
79%
Asia Oman
79%
Asia Saudi Arabia
79%
Africa Sudan
79%
Asia Turkey
79%
Africa Uganda
79%
South America Argentina
77%
Europe Belarus
77%
Africa Chad
77%
Africa Congo
77%
Africa Libya
77%
Asia North Korea
77%
Asia Qatar
77%
Asia United Arab Emirates
77%
Africa Burundi
74%
Africa Ethiopia
74%
Africa Ghana
74%
Asia Indonesia
74%
Oceania Nauru
74%
South America Paraguay
74%
Africa Senegal
74%
Asia Syria
74%
Africa Zimbabwe
74%
Asia Bangladesh
72%
North America Guatemala
72%
Africa Mali
72%
Asia (Junta would have voted aye) Myanmar
72%
Africa South Sudan
72%
Asia Yemen
72%
Africa Zambia
72%
Asia Azerbaijan
69%
Asia Bahrain
69%
Asia Brunei
69%
Africa Djibouti
69%
North America El Salvador
69%
Africa Eswatini
69%
Africa Gambia
69%
Africa Guinea
69%
Africa Togo
69%
Africa Tunisia
69%
Asia Uzbekistan
69%
Africa Equatorial Guinea
67%
Africa Eritrea
67%
Asia Malaysia
67%
Africa Namibia
67%
Africa Somalia
67%
Asia Tajikistan
67%
Asia Turkmenistan
67%
Africa Central African Republic
64%
Africa Guinea-Bissau
64%
Asia Kazakhstan
64%
Asia Kuwait
64%
Asia Kyrgyzstan
64%
Asia Maldives
64%
Africa Mauritania
64%
Oceania Papua New Guinea
64%
Africa Sierra Leone
64%
Africa Cameroon
62%
Africa Comoros
62%
Africa Ivory Coast
62%
North America United States
62%
Africa Burkina Faso
59%
Asia Singapore
59%
Africa Tanzania
59%
Oceania Vanuatu
59%
North America Jamaica
56%
Africa Sao Tome and Principe
56%
North America Nicaragua
54%
North America Trinidad and Tobago
54%
Oceania Solomon Islands
44%
No matching quizzes found
Score Distribution
Percent of People with Each Score
Percentile by Number Answered
Your Score History
You have not taken this quiz